{"text_format":"3","workbook":"xlsx","n_sheets":2,"sheets":["Al Hamar WSS Rehab_ Tender Docs","Al Hamar WSS Rehab_ Eng. Est."],"not_rendered":{"images":2,"defined_names":4},"read":"whole","date_system":"1900"}

{"sheet":"Al Hamar WSS Rehab_ Tender Docs","index":0,"n_rows":127,"n_cols":6,"rows_kept":127,"merged":[[0,0,0,5],[2,1,2,4],[3,1,3,4],[5,1,5,4],[15,1,15,4],[18,1,18,5],[19,1,19,4],[37,1,37,4],[40,1,40,4],[41,1,41,4],[45,1,45,4],[48,1,48,4],[49,1,49,4],[58,1,58,4],[59,1,59,4],[64,1,64,4],[65,1,65,4],[68,1,68,4],[69,1,69,4],[73,1,73,4],[74,1,74,4],[77,1,77,4],[78,1,78,4],[88,1,88,4],[89,1,89,4],[95,1,95,4],[96,1,96,4],[102,1,102,4],[103,1,103,4],[107,1,107,4],[108,1,108,4],[110,0,110,2]]}
["               Tender for Rehabilitation of the  Al Hamar Borehole Water Supply System and related Civil Works - Southwest State of somalia        "]
["I/N","Description of activity","Unit","QTY","Rate in USD","Amount in USD"]
["A.","AL AHMAR BOREHOLE  "]
[1,"Rehabilitation of Electromechanical Equipment",{"$nulls":3},"  "]
[1.1,"Mobilization of plant and Equipment to the project site(s).Rate shall be inclusive of demobilization after completion of the works.","Item",1]
[2,"Solar System (Power Supply)",{"$nulls":3},{"$f":"D6*E6","v":0}]
[null,"Supply, install, test and commission a solar retrofit system composed of PV arrays, ground mounted support structures, inverter, surge protector of suitable class, manual mechanical change over switch and suitable rating distribution board all as per the particluar technical specifications for the above submersible pump set. Detail of solar system equipment to be installed is as detailed below.",{"$nulls":3},0]
[2.1,"DC/AC Converter and Pump Controller: Approved compatible 18.5KW Solar Hybrid Power inverter and pump controller to the above pump as Grundfos RSI or Dayliff Sunverter or Equivalent ","Set",1]
[2.3,"450W Solar Panels Power: 450W, Voltage: 49V \n Weight:25KG.Size:2265*1260*35mm.  Application Class:  A ","Unit",10]
[2.4,"PV Cable, PV 4 mm2","M",25]
[2.5,"Accessories, Mc4, Cable tie, Autoswitch and etc","Unit",1]
[2.6,"Installation cost and repair ground Mount structure whole set for 10 pcs solar module as per instruction of Engineer. ","Lum",1]
[2.7,"Allow for borehole cover repair with removal old concrete plaster  and Casting plain concrete in 50 mm thick with smooth plaster finish as per instruction of Engineer. ","Lum",1]
[2.8,"Supply and apply minimum 2 coats of high quality colored emulsion paint, walls on all appropriate surfaces as approved by the Engineer ","Lum",1]
[2.9,"Visibility details for Donor and ADRA details as to be provided ADRA team & approved by Engineer.","Lum",1]
[null,"Total for rehabilitation of borehole and related civil works.",{"$nulls":3},{"$f":"SUM(F5:F15)","v":0}]
[]
["I/N","Description of activity","Unit","QTY","Rate in USD","Amount in USD"]
["B.","REHABILITATION OF CARETAKER ROOM, OPERATION HOUSE AND STORE"]
[3,"Repair ventilation, wall cracks and floor concrete works"]
[3.1,"Site preparation for cleaning the site, removing  and haul  away to authorized dumping site the rubbish, unwanted plants, weeds, trees, roots, surplus ..etc., in accordance with the   Engineer's instructions.","Item",1]
[{"$f":"A21+0.1","v":3.2},"Increased height of the generator room/stone and Operation Office the work : removal old roofing/ timber with supply material and construct of 1m height masonry works, the supply of material include hollow concrete blocks, cement, sand, gravel, RCC steel, water, plastering, skilled & unskilled labor, curing after building and any other work requirements. All works should be done according to Drawings, specification and instruction  of the site Engineer.","Lum",1]
[{"$f":"A22+0.1","v":3.3000000000000003},"Dismantling, removal and hauling away the damaged grill steel windows. Supply and install iron protections for the windows, similar to the existing size, fix new Standard steel panel windows with mild steel plate & 50x25mm RHS including 50x50mm RHS frame, fixing accessories, locks with handles & fixing to concrete blocks as per Engineer's instruction. ","NO",{"v":1,"d":"1.00"}]
[3.4000000000000004,"Demolish and remove of damaged ventalation blocks with suplay and install new ventilation blocks with similar to the existing,built with cement sand mortar (1:3) mix according to technical specification and instruction of Engineer. ","Lum",{"v":1,"d":"1.00"}]
[3.5000000000000004,"Dismantle, remove old damaged steel doors, supply and fix steel door, type (D 1) with similar size to the existing, complete with frame, including door lock, painting with approved paints,  as directed by Engineer.","NO",{"v":3,"d":"3.00"}]
[3.6000000000000005,"Repair narrow cracks in the existing plastering, external and internal walls.The work shall include stripping off 10 cm wide plaster layer along the cracks, cleaning the surface, and filling the cracks with cement sand grout 1:3 and plaster, complete to technical specification and instruction of Engineer.","m²",{"v":35,"d":"35.00"}]
[3.7000000000000006,"Rehabilitation of damaged floor slap of  with casting new R.C concrete(1:2:4 Mixing ratio) floor slab  of 0.1m thick for the generator and store floor with adequate laps and proper bonding of the old and new concrete using special approved bonding material, according to the relevant  technical specifications and the Engineer's instructions.                                                                                              N.B  The slab should be mixed by machine, and cured for a period of minimum 2 weeks and protected from sun                                                                                           ","m³",{"v":3.2,"d":"3.20"}]
[3.8000000000000007,"Repair of concrete stairs and ramps 1:2:4 mixing ratio concrete at front of the generator house/caretaker room as per instruction of Engineer. ","m³",{"$f":"(0.45*1.51)/2*2.93999999999999","v":{"v":0.9988649999999967,"d":"1.00"}}]
[4,"Roofing "]
[4.1,"Demolish and remove the existing roof and damaged timber trusses, the work shall include prepartion works","m²",50]
[{"$f":"A30+0.1","v":4.199999999999999},"Supply and fix gauge 28 Box profile (blue colour-Bacweyne first class) iron sheets including ridge and hip caps; laid on treated timber purlins and trusses, fixed with roof nails and neoprene washer washers and caps by timber of cross section 0.08mx0.04m and double tie beam made by timber of cross section 0.10mx0.025m, and wooden battens of 0.05mx0.05m.","m²",50]
[{"$f":"A31+0.1","v":4.299999999999999},"Construction of decorated ceiling board to the operational house with supporting wooden frame of 0.04mx0.04m distanced each to other 0.62m both side.                                                                                                 N.B.  Note that this ceiling is included also the outside projection of the room                                                                                                                      ","m²",44.16]
[4.399999999999999,"Construction of 20cm fascia board ","m",12]
[5,"Painting other finishing"]
[5.1,"Supply and apply minimum 2 coats of high quality colored emulsion weather shield paint on the external & internal walls, approved by Engineer textures and color to finishing. The price includes removal of the damaged old paint, surface preparations, all according to specifications and the  Engineer's  instructions.","Lum",1]
[6,"Electricity"]
[6.1,"Provide and fix adequate electrical wiring system inside of the wall with PVC pipes, Provide also 4 sockets and four of 20W fluorescent lumps for each room. Also one socket and one incandescent lump for every each toilet. Finally supply and fix Main automatic switch board. ","Lum",1]
[null,"Total for Rehabilitation of operation house, store & caretaker room   ",{"$nulls":3},{"$f":"SUM(F21:F37)","v":0}]
[]
["I/N","Description of activity","Unit","QTY","Rate in USD","Amount in USD"]
["C.","REHABILITATION OF 56m³ CAPACITY R.C. ELEVATED WATER TANK"]
[7,"Substructure works "]
[7.1,"Carefully strip off damaged external plastering, including preparing surfaces for new plastering and removal of surplus as directed by Engineer.","m²",38.2]
[{"$f":"A43+0.1","v":7.199999999999999},"Repair the damaged concrete structures at elevated water tank at different locations with special approved repair material, with plaster water proofing cement as per instruction of Engineer.","m³",{"v":49.5,"d":"49.50"}]
[{"$f":"A44+0.1","v":7.299999999999999},"Supply and apply minimum 2 coats of high quality colored emulsion paint  (of approved product) on the external walls. The price includes removal of the damaged old paint, surface preparations; all according to Engineer's specifications and instructions.","Lum",{"v":1,"d":"1.00"}]
[null,"Total for Rehabilitation of  56m³ capacity R.C elevated water tank      ",{"$nulls":3},{"$f":"SUM(F43:F45)","v":0}]
[]
["I/N","Description of activity","Unit","QTY","Rate in USD","Amount in USD"]
["D.","CONSTRUCTION AND REHAB OF WATER COLLECTION KIOSKS"]
[8,"Substructure works"]
[8.1,"General cleaning for all broken stones, trees, sharps and other material which are occupying the construction area for the water kiosk.","m²",30,null,{"$f":"D51*E51","v":0}]
[{"$f":"A51+0.1","v":8.2},"Excavation of foundation bed of the kiosk slab 4.8m length, 3.3m width and 0.2m depth ","m³",3.168,null,0]
[{"$f":"A52+0.1","v":8.299999999999999},"Excavation of 10 holes (4 at front, 4 at the back and 2 in the middle) for the poles of 0.3mx0.3m and 0.5m depth                                                                            N.B.  The total depth to be excavated is 30cm, because 20cm is the height of the foundation bed which is already excavated","m³",0.27,null,0]
[8.399999999999999,"Provide and compact hardcore layer of 20cm thick","m³",3.17,null,0]
[8.499999999999998,"Construction of 10cm thick plain cement concrete of 1:3:6 Mixing ration over the hardcore layer","m³",1.58,null,0]
[8.599999999999998,"Construction of 10cm thick concrete of 1:2:4 Mixing ration walk path of  water collection kiosk","m³",{"$f":"0.1*4.79999999999999*3.29999999999999","v":{"v":1.583999999999992,"d":"1.58"}},null,0]
[8.699999999999998,"Provide and weld with anchor to protect movement 10 pieces GI pipes of dia. Ø 3\" and 3m height  (0.5m underground and 2.5 above ground).","Item",10,null,0]
[8.799999999999997,"Fix provided GI poles with plain cement concrete of 1:3:6 mixing ratio","m³",0.27,null,0]
[null,"Sub total - 1",{"$nulls":3},{"$f":"SUM(F51:F58)","v":0}]
[9,"Superstructure works including platform slab"]
[9.1,"Masonry cement blocks of basement walling , 0.5m height and 20cm thickness bedded and jointed with cement sand mortar 1:4 proportion ratio. Face wall should be in plumb. Corner cement block  should be good dressed and jointed to correct angles. All gaps in between cement blocks should be filled with cement sand mortar well mixed also wall should be cured for a period at least 10 days minimum, and be  protected from sun.           ","m²",{"v":3.7,"d":"3.70"}]
[{"$f":"A61+0.1","v":9.2},"Provide and compact hardcore layer of 2.4m length, 0.9m width and 0.50m thick.","m³",1.08]
[{"$f":"A62+0.1","v":9.299999999999999},"Concrete slab of 2.8m length, 1.3m width and 0.1m thick over the constructed masonry hardcore layer. The concrete mortar should be 1:2:4 mixing ratio.","m³",0.36]
[9.399999999999999,"Masonry cement blocks walling to hold the kiosk taps, 0.9m height, 1.80 length bedded and jointed with cement sand mortar 1:4 proportion ratio. Face wall should be in plumb. Corner cement block  should be good dressed and jointed to correct angles. All gaps in between cement blocks should be filled with cement sand mortar well mixed also wall should be kept moist for a period at least 10 days minimum, and be  protected from sun.           ","m²",1.62]
[null,"Sub total - 2",{"$nulls":3},{"$f":"SUM(F61:F64)","v":0}]
[10,"Plastering and other finishing"]
[10.1,"Construction of  external plastering, 25mm thick, for all constructed wall surfaces by cement / sand mix 1:5, with wood float finish. ","m²",6.54]
[{"$f":"A67+0.1","v":10.2},"Apply two coats whitewashing paint to external wall surfaces of the water collection kiosk","m²",6.54]
[null,"Sub total - 3",{"$nulls":3},{"$f":"SUM(F67:F68)","v":0}]
[11,"Roofing"]
[11.1,"Construction of hipped end roof with GI (3mx1m) sheets over with wooden with one single beam trusses of cross section 100mmx50mm distanced between two trusses at least 1.0m each to other and timber battens 50mmx25mm.                                                                                              ","m²",15.84]
[{"$f":"A71+0.1","v":11.2},"4 mm thick laminated ceiling boards framed by timber of cross section  2\"x2\" distanced 600mmx600mm both side. Include also all 50cm under external roof of the building. Apply three coats of distemper paint.","m²",15.84]
[{"$f":"A72+0.1","v":11.299999999999999},"Repair all taps for existing water kiosks and make it GI 2'' pipe water collection point for water trucking as per intruction of Engineer.","Lum",1]
[null,"Sub total - 4",{"$nulls":3},{"$f":"SUM(F71:F73)","v":0}]
[null,"Total for construction  of One Kiosk and rehab of One exisiting Kiosk"]
[]
["I/N","Description of activity","Unit","QTY","Rate in USD","Amount in USD"]
["E.","CONSTRUCTION OF CHAIN LINK FENCE "]
[12,"Sub structure works"]
[12.1,"Allow for the cost of transporting all equipment, and personnel to site and demobilization at completion of contract.","lum",1]
[null,"The contractor will provide all materials and construct a steel gate measuring approximately 4500x2100m. "]
[12.2,"Excavate for column pads, depth not exceeding 1m and of 0.5 x 0.5 mm width commencing at the original, ground level, and cart away to spoil as directed. ","m³",0.5]
[{"$f":"A82+0.1","v":12.299999999999999},"Vibrated reinforced concrete (class 25) column base, 350mm deep.","m³",{"v":0.045,"d":"0.05"}]
[{"$f":"A83+0.1","v":12.399999999999999},"Assorted high tensile twisted steel reinforcement bars to B.S 4446. ","kg ",{"v":25,"d":"25.00"}]
[12.499999999999998,"Sawn formwork to vertical sides of the columns.","m²",0.45]
[12.599999999999998,"G.I CHS Columns. ","No",2]
[null,"GATE"]
[12.7,"Supply and fix single leaf steel gate size 2500 x 2100mm high CHS poles and heavy duty wire mesh fixed onto the concrete columns, using heavy duty steel pin hinges; with all fastening accessories including, all cutting welding, grinding and priming with one coat of grey oxide before, fixing. The gate should also have peep holes of not more than 25mm dia with a slilding door. It should also have 2 locking, mechanisms, top and bottom.","No",1]
[null,"Sub total - 1",{"$nulls":3},{"$f":"SUM(F80:F88)","v":0}]
[13,"FENCE"]
[null,"The contractor is reminded to include in his pricing, the cost of supply, cutting, waste and erection and all other necessary fittings including welding lugs or fishtailing on to the 50x50x6mm angle bars. Angle bars and the necessary fixing and anchorage to be treated as described in the specifications.",{"$nulls":3},{"$f":"D91*E91","v":0}]
[13.1,"Clear the perimeter of the fencing area of all bushes scrubs and obstructions","m²",{"v":60,"d":"60.00"}]
[{"$f":"A92+0.1","v":13.2},"Excavate 300x300x500 deep holes to receive mass concrete (1:3:6)  bases as shown in the drawings.","m³",{"v":1.503,"d":"1.50"}]
[{"$f":"A93+0.1","v":13.299999999999999},"Supply 50x5mm CHS welded posts with ends closed as shown in the drawings, bottom end fixed with 100x100mmx3mm plate and bedded in mass concrete. The post to be 2100mm high from ground level to the top. Allow for drilling 7No holes as shown.\t","No",{"v":35,"d":"35.00"}]
[13.399999999999999,"Extra Over 50x5mm posts for bracing on either side every fourth intermediate post and all corner posts. ","No",8.75]
[null,"Sub total - 2",{"$nulls":3},{"$f":"SUM(F91:F95)","v":0}]
[14,"Mass Concrete Mix 1:3:6/20mm using 3/4 Local Ballast "]
[14.1,"Supply all materials and cast 0.3m diameter x 0.6m depth mass concrete class Q (1:3:6)  to concrete the 50mm dia. CHS poles while ensuring they remain plumb 600mm deep below the ground level and 3000mm (3.0m) above ground level.","m³",{"v":1.503,"d":"1.50"}]
[{"$f":"A98+0.1","v":14.2},"Supply and weld a 12mm high tensile steel rod along the bases of the posts for anchoring the chain-link to the ground along the whole length of the fence, Allow for excavating 200mm deep along the fence to fix the rod.","LM",{"v":100,"d":"100.00"}]
[{"$f":"A99+0.1","v":14.299999999999999},"Allow for curing of all concrete works","Item",{"v":1,"d":"1.00"}]
[14.399999999999999,"Supply and fix 3No strands of 12G barbed wire bound on to either side of the Y post using 3mm galvanized wire as shown in the drawings. ","LM",{"v":600,"d":"600.00"}]
[14.499999999999998,"Ditto for posts","LM",{"v":700,"d":"700.00"}]
[null,"Sub total - 3",{"$nulls":3},{"$f":"SUM(F98:F102)","v":0}]
[15,"HEAVY GUAGE chain-link"]
[15.1,"Supply and fix 2500mm high HEAVY GUAGE chain-link to posts using 3mm galvanized wire. Allow for securing the chain-link to a 12mm reinforcement bar welded at the base between the posts.","LM",100]
[{"$f":"A105+0.1","v":15.2},"Supply and fix razer wire secured on the chain-link, barbed wire and Y posts by binding wire and rolled approx. 600mm dia. \t","LM",100]
[{"$f":"A106+0.1","v":15.299999999999999},"Prepare and apply one under coat of epoxy-based primer and two finishing epoxy based paints to metal surfaces n.e 250mm in alternate bands of 300mm. ","No",43.75]
[null,"Sub total - 4",{"$nulls":3},{"$f":"SUM(F105:F107)","v":0}]
[null,"Total for construction  of chain link fence wall.",{"$nulls":3},{"$f":"F89+F96+F103+F108","v":0}]
[]
["SUMMARY PAGE - REHABILITATION OF  AL HAMAR BH WATER SUPPLY SYSTEM (SWS) ",null,null,"QTY","SUM","TOTAL SUM"]
["A",{"$f":"B3","v":"AL AHMAR BOREHOLE  "},null,1,1]
["B",{"$f":"B19","v":"REHABILITATION OF CARETAKER ROOM, OPERATION HOUSE AND STORE"},null,1,1]
["C",{"$f":"B41","v":"REHABILITATION OF 56m³ CAPACITY R.C. ELEVATED WATER TANK"},null,3,1]
["D",{"$f":"B49","v":"CONSTRUCTION AND REHAB OF WATER COLLECTION KIOSKS"},null,1,1]
["E",{"$f":"B78","v":"CONSTRUCTION OF CHAIN LINK FENCE "},null,5,1]
[]
[null,"GRAND TOTAL FOR AL HAMAR WSS REHAB",{"$nulls":3},{"$f":"SUM(F112:F117)","v":0}]
[]
[]
[]
[null,"(CONTRACTOR) …………………………………………………………………………………"]
[null,"Signature: ……………………………………………………………………………………............."]
[null,"Address: ……………………………………………………………………………………............."]
[null,"Tel No: …………………………………………………………………………………………........."]
[null,"Date: ……………………………………………………………………………………………………"]
[null,"Stamp:"]

{"sheet":"Al Hamar WSS Rehab_ Eng. Est.","index":1,"n_rows":130,"n_cols":6,"rows_kept":130,"merged":[[0,0,0,5],[2,1,2,4],[3,1,3,4],[5,1,5,4],[15,1,15,4],[18,1,18,5],[19,1,19,4],[37,1,37,4],[40,1,40,4],[41,1,41,4],[45,1,45,4],[48,1,48,4],[49,1,49,4],[58,1,58,4],[59,1,59,4],[64,1,64,4],[65,1,65,4],[68,1,68,4],[69,1,69,4],[73,1,73,4],[74,1,74,4],[77,1,77,4],[78,1,78,4],[88,1,88,4],[89,1,89,4],[95,1,95,4],[96,1,96,4],[102,1,102,4],[103,1,103,4],[107,1,107,4],[108,1,108,4],[110,0,110,2]]}
["               Tender for Rehabilitation of the  Al Hamar Borehole Water Supply System and related Civil Works - Southwest State of somalia        "]
["I/N","Description of activity","Unit","QTY","Rate in USD","Amount in USD"]
["A.","AL AHMAR BOREHOLE  "]
[1,"Rehabilitation of Electromechanical Equipment",{"$nulls":3},"  "]
[1.1,"Mobilization of plant and Equipment to the project site(s).Rate shall be inclusive of demobilization after completion of the works.","Item",1,100,{"$f":"D5*E5","v":{"v":100,"d":"100.00"}}]
[2,"Solar System (Power Supply)",{"$nulls":3},0]
[null,"Supply, install, test and commission a solar retrofit system composed of PV arrays, ground mounted support structures, inverter, surge protector of suitable class, manual mechanical change over switch and suitable rating distribution board all as per the particluar technical specifications for the above submersible pump set. Detail of solar system equipment to be installed is as detailed below.",{"$nulls":3},0]
[2.1,"DC/AC Converter and Pump Controller: Approved compatible 18.5KW Solar Hybrid Power inverter and pump controller to the above pump as Grundfos RSI or Dayliff Sunverter or Equivalent ","Set",1,2500,{"v":2500,"d":"2,500.00"}]
[2.3,"450W Solar Panels Power: 450W, Voltage: 49V \n Weight:25KG.Size:2265*1260*35mm.  Application Class:  A ","Unit",10,150,{"v":1500,"d":"1,500.00"}]
[2.4,"PV Cable, PV 4 mm2","M",25,5,{"v":125,"d":"125.00"}]
[2.5,"Accessories, Mc4, Cable tie, Autoswitch and etc","Unit",1,50,{"v":50,"d":"50.00"}]
[2.6,"Installation cost and repair ground Mount structure whole set for 10 pcs solar module as per instruction of Engineer. ","Lum",1,250,{"v":250,"d":"250.00"}]
[2.7,"Allow for borehole cover repair with removal old concrete plaster  and Casting plain concrete in 50 mm thick with smooth plaster finish as per instruction of Engineer. ","Lum",1,200,{"v":200,"d":"200.00"}]
[2.8,"Supply and apply minimum 2 coats of high quality colored emulsion paint, walls on all appropriate surfaces as approved by the Engineer ","Lum",1,120,{"v":120,"d":"120.00"}]
[2.9,"Visibility details for Donor and ADRA details as to be provided ADRA team & approved by Engineer.","Lum",1,100,{"v":100,"d":"100.00"}]
[null,"Total for rehabilitation of borehole and related civil works.",{"$nulls":3},{"$f":"SUM(F5:F15)","v":{"v":4945,"d":"$4,945.00"}}]
[]
["I/N","Description of activity","Unit","QTY","Rate in USD","Amount in USD"]
["B.","REHABILITATION OF CARETAKER ROOM, OPERATION HOUSE AND STORE"]
[3,"Repair ventilation, wall cracks and floor concrete works"]
[3.1,"Site preparation for cleaning the site, removing  and haul  away to authorized dumping site the rubbish, unwanted plants, weeds, trees, roots, surplus ..etc., in accordance with the   Engineer's instructions.","Item",1,100,{"$f":"D21*E21","v":{"v":100,"d":"100.00"}}]
[{"$f":"A21+0.1","v":3.2},"Increased height of the generator room/stone and Operation Office the work : removal old roofing/ timber with supply material and construct of 1m height masonry works, the supply of material include hollow concrete blocks, cement, sand, gravel, rcc steel, water, plastering, skilled & unskilled labor, curing after building and any other work requirements, All works should be done according to Drawings, specification and instruction  of the site Engineer.","Lum",1,1350,{"v":1350,"d":"1,350.00"}]
[{"$f":"A22+0.1","v":3.3000000000000003},"Dismantling, removal and hauling away the damaged grill steel windows. Supply and install iron protections for the windows, similar to the existing size, fix new Standard steel panel windows with mild steel plate & 50x25mm RHS including 50x50mm RHS frame, fixing accessories, locks with handles & fixing to concrete blocks as per Engineer's instruction. ","NO",{"v":1,"d":"1.00"},120,{"v":120,"d":"120.00"}]
[3.4000000000000004,"Demolish and remove of damaged ventalation blocks with suplay and install new ventilation blocks with similar to the existing,built with cement sand mortar (1:3) mix according to technical specification and instruction of Engineer. ","Lum",{"v":1,"d":"1.00"},80,{"v":80,"d":"80.00"}]
[3.5000000000000004,"Dismantle, remove old damaged steel doors, supply and fix steel door, type (D 1) with similar size to the existing, complete with frame, including door lock, painting with approved paints,  as directed by Engineer.","NO",{"v":3,"d":"3.00"},80,{"v":240,"d":"240.00"}]
[3.6000000000000005,"Repair narrow cracks in the existing plastering, external and internal walls.The work shall include stripping off 10 cm wide plaster layer along the cracks, cleaning the surface, and filling the cracks with cement sand grout 1:3 and plaster, complete to technical specification and instruction of Engineer.","m²",{"v":35,"d":"35.00"},6,{"v":210,"d":"210.00"}]
[3.7000000000000006,"Rehabilitation of damaged floor slap of  with casting new R.C concrete(1:2:4 Mixing ratio) floor slab  of 0.1m thick for the generator and store floor with adequate laps and proper bonding of the old and new concrete using special approved bonding material, according to the relevant  technical specifications and the Engineer's instructions.                                                                                              N.B  The slab should be mixed by machine, and cured for a period of minimum 2 weeks and protected from sun                                                                                           ","m³",{"v":3.2,"d":"3.20"},{"v":150,"d":"150.00"},{"v":480,"d":"480.00"}]
[3.8000000000000007,"Repair of concrete stairs and ramps 1:2:4 mixing ratio concrete at front of the generator house/caretaker room as per instruction of Engineer. ","m³",{"$f":"(0.45*1.51)/2*2.93999999999999","v":{"v":0.9988649999999967,"d":"1.00"}},{"v":150,"d":"150.00"},{"v":149.8297499999995,"d":"149.83"}]
[4,"Roofing ",{"$nulls":3},0]
[4.1,"Demolish and remove the existing roof and damaged timber trusses, the work shall include prepartion works","m²",50,{"v":4,"d":"4.00"},{"v":200,"d":"200.00"}]
[{"$f":"A30+0.1","v":4.199999999999999},"Supply and fix gauge 28 Box profile (blue colour-Bacweyne first class) iron sheets including ridge and hip caps; laid on treated timber purlins and trusses, fixed with roof nails and neoprene washer washers and caps by timber of cross section 0.08mx0.04m and double tie beam made by timber of cross section 0.10mx0.025m, and wooden battens of 0.05mx0.05m.","m²",50,{"v":8,"d":"8.00"},{"v":400,"d":"400.00"}]
[{"$f":"A31+0.1","v":4.299999999999999},"Construction of decorated ceiling board to the operational house with supporting wooden frame of 0.04mx0.04m distanced each to other 0.62m both side.                                                                                                 N.B.  Note that this ceiling is included also the outside projection of the room                                                                                                                      ","m²",44.16,{"v":8,"d":"8.00"},353.28]
[4.399999999999999,"Construction of 20cm fascia board ","m",12,{"v":5,"d":"5.00"},{"v":60,"d":"60.00"}]
[5,"Painting other finishing"]
[5.1,"Supply and apply minimum 2 coats of high quality colored emulsion weather shield paint on the external & internal walls, approved by Engineer textures and color to finishing. The price includes removal of the damaged old paint, surface preparations, all according to specifications and the  Engineer's  instructions.","Lum",1,{"v":200,"d":"200.00"},{"v":200,"d":"200.00"}]
[6,"Electricity"]
[6.1,"Provide and fix adequate electrical wiring system inside of the wall with PVC pipes, Provide also 4 sockets and four of 20W fluorescent lumps for each room. Also one socket and one incandescent lump for every each toilet. Finally supply and fix Main automatic switch board. ","Lum",1,{"v":150,"d":"150.00"},{"v":150,"d":"150.00"}]
[null,"Total for Rehabilitation of operation house, store & caretaker room   ",{"$nulls":3},{"$f":"SUM(F21:F37)","v":{"v":4093.1097499999996,"d":"$4,093.11"}}]
[]
["I/N","Description of activity","Unit","QTY","Rate in USD","Amount in USD"]
["C.","REHABILITATION OF 56m³ CAPACITY R.C. ELEVATED WATER TANK"]
[7,"Substructure works "]
[7.1,"Carefully strip off damaged external plastering, including preparing surfaces for new plastering and removal of surplus as directed by Engineer.","m²",38.2,11,{"$f":"D43*E43","v":{"v":420.20000000000005,"d":"420.20"}}]
[{"$f":"A43+0.1","v":7.199999999999999},"Repair the damaged concrete structures at elevated water tank at different locations with special approved repair material, with plaster water proofing cement as per instruction of Engineer.","m³",{"v":49.5,"d":"49.50"},{"v":11,"d":"11.00"},{"v":544.5,"d":"544.50"}]
[{"$f":"A44+0.1","v":7.299999999999999},"Supply and apply minimum 2 coats of high quality colored emulsion paint  (of approved product) on the external walls. The price includes removal of the damaged old paint, surface preparations; all according to Engineer's specifications and instructions.","Lum",{"v":1,"d":"1.00"},{"v":300,"d":"300.00"},{"$f":"D45*E45","v":{"v":300,"d":"300.00"}}]
[null,"Total for Rehabilitation of  56m³ capacity R.C elevated water tank      ",{"$nulls":3},{"$f":"SUM(F43:F45)","v":{"v":1264.7,"d":"1,264.70"}}]
[]
["I/N","Description of activity","Unit","QTY","Rate in USD","Amount in USD"]
["D.","CONSTRUCTION AND REHAB OF WATER COLLECTION KIOSKS"]
[8,"Substructure works"]
[8.1,"General cleaning for all broken stones, trees, sharps and other material which are occupying the construction area for the water kiosk.","m²",30,{"v":2.5,"d":"2.50"},{"$f":"D51*E51","v":{"v":75,"d":"75.00"}}]
[{"$f":"A51+0.1","v":8.2},"Excavation of foundation bed of the kiosk slab 4.8m length, 3.3m width and 0.2m depth ","m³",3.168,{"v":20,"d":"20.00"},63.36]
[{"$f":"A52+0.1","v":8.299999999999999},"Excavation of 10 holes (4 at front, 4 at the back and 2 in the middle) for the poles of 0.3mx0.3m and 0.5m depth                                                                            N.B.  The total depth to be excavated is 30cm, because 20cm is the height of the foundation bed which is already excavated","m³",0.27,{"v":50,"d":"50.00"},{"v":13.5,"d":"13.50"}]
[8.399999999999999,"Provide and compact hardcore layer of 20cm thick","m³",3.17,{"v":35,"d":"35.00"},110.95]
[8.499999999999998,"Construction of 10cm thick plain cement concrete of 1:3:6 Mixing ration over the hardcore layer","m³",1.58,{"v":150,"d":"150.00"},{"v":237,"d":"237.00"}]
[8.599999999999998,"Construction of 10cm thick concrete of 1:2:4 Mixing ration walk path of  water collection kiosk","m³",{"$f":"0.1*4.79999999999999*3.29999999999999","v":{"v":1.583999999999992,"d":"1.58"}},{"v":150,"d":"150.00"},{"v":237.5999999999988,"d":"237.60"}]
[8.699999999999998,"Provide and weld with anchor to protect movement 10 pieces GI pipes of dia. Ø 3\" and 3m height  (0.5m underground and 2.5 above ground).","Item",10,{"v":40,"d":"40.00"},{"v":400,"d":"400.00"}]
[8.799999999999997,"Fix provided GI poles with plain cement concrete of 1:3:6 mixing ratio","m³",0.27,{"v":150,"d":"150.00"},{"v":40.5,"d":"40.50"}]
[null,"Sub total - 1",{"$nulls":3},{"$f":"SUM(F51:F58)","v":{"v":1177.909999999999,"d":"1,177.91"}}]
[9,"Superstructure works including platform slab"]
[9.1,"Masonry cement blocks of basement walling , 0.5m height and 20cm thickness bedded and jointed with cement sand mortar 1:4 proportion ratio. Face wall should be in plumb. Corner cement block  should be good dressed and jointed to correct angles. All gaps in between cement blocks should be filled with cement sand mortar well mixed also wall should be cured for a period at least 10 days minimum, and be  protected from sun.           ","m²",{"v":3.7,"d":"3.70"},{"v":15,"d":"15.00"},{"$f":"D61*E61","v":{"v":55.5,"d":"55.50"}}]
[{"$f":"A61+0.1","v":9.2},"Provide and compact hardcore layer of 2.4m length, 0.9m width and 0.50m thick.","m³",1.08,{"v":15,"d":"15.00"},{"v":16.200000000000003,"d":"16.20"}]
[{"$f":"A62+0.1","v":9.299999999999999},"Concrete slab of 2.8m length, 1.3m width and 0.1m thick over the constructed masonry hardcore layer. The concrete mortar should be 1:2:4 mixing ratio.","m³",0.36,{"v":150,"d":"150.00"},{"v":54,"d":"54.00"}]
[9.399999999999999,"Masonry cement blocks walling to hold the kiosk taps, 0.9m height, 1.80 length bedded and jointed with cement sand mortar 1:4 proportion ratio. Face wall should be in plumb. Corner cement block  should be good dressed and jointed to correct angles. All gaps in between cement blocks should be filled with cement sand mortar well mixed also wall should be kept moist for a period at least 10 days minimum, and be  protected from sun.           ","m²",1.62,{"v":25,"d":"25.00"},{"v":40.5,"d":"40.50"}]
[null,"Sub total - 2",{"$nulls":3},{"$f":"SUM(F61:F64)","v":{"v":166.2,"d":"166.20"}}]
[10,"Plastering and other finishing"]
[10.1,"Construction of  external plastering, 25mm thick, for all constructed wall surfaces by cement / sand mix 1:5, with wood float finish. ","m²",6.54,6,{"$f":"D67*E67","v":39.24}]
[{"$f":"A67+0.1","v":10.2},"Apply two coats whitewashing paint to external wall surfaces of the water collection kiosk","m²",6.54,3,19.62]
[null,"Sub total - 3",{"$nulls":3},{"$f":"SUM(F67:F68)","v":58.86}]
[11,"Roofing"]
[11.1,"Construction of hipped end roof with GI (3mx1m) sheets over with wooden with one single beam trusses of cross section 100mmx50mm distanced between two trusses at least 1.0m each to other and timber battens 50mmx25mm.                                                                                              ","m²",15.84,{"v":15,"d":"15.00"},{"$f":"D71*E71","v":{"v":237.6,"d":"237.60"}}]
[{"$f":"A71+0.1","v":11.2},"4 mm thick laminated ceiling boards framed by timber of cross section  2\"x2\" distanced 600mmx600mm both side. Include also all 50cm under external roof of the building. Apply three coats of distemper paint.","m²",15.84,{"v":6,"d":"6.00"},{"v":95.03999999999999,"d":"95.04"}]
[{"$f":"A72+0.1","v":11.299999999999999},"Repair all taps for existing water kiosks and make it GI 2'' pipe water collection point for water trucking as per intruction of Engineer.","Lum",1,{"v":200,"d":"200.00"},{"v":200,"d":"200.00"}]
[null,"Sub total - 4",{"$nulls":3},{"$f":"SUM(F71:F73)","v":532.64}]
[null,"Total for construction  of One Kiosk and rehab of One exisiting Kiosk",{"$nulls":3},{"$f":"F59+F65+F69+F74","v":{"v":1935.6099999999988,"d":"$1,935.61"}}]
[]
["I/N","Description of activity","Unit","QTY","Rate in USD","Amount in USD"]
["E.","CONSTRUCTION OF CHAIN LINK FENCE "]
[12,"Sub structure works"]
[12.1,"Allow for the cost of transporting all equipment, and personnel to site and demobilization at completion of contract.","lum",1,{"v":300,"d":"300.00"},{"$f":"D80*E80","v":{"v":300,"d":"300.00"}}]
[null,"The contractor will provide all materials and construct a steel gate measuring approximately 4500x2100m. "]
[12.2,"Excavate for column pads, depth not exceeding 1m and of 0.5 x 0.5 mm width commencing at the original, ground level, and cart away to spoil as directed. ","m³",0.5,{"v":25,"d":"25.00"},{"$f":"D82*E82","v":{"v":12.5,"d":"12.50"}}]
[{"$f":"A82+0.1","v":12.299999999999999},"Vibrated reinforced concrete (class 25) column base, 350mm deep.","m³",{"v":0.045,"d":"0.05"},{"v":25,"d":"25.00"},{"$f":"D83*E83","v":{"v":1.125,"d":"1.13"}}]
[{"$f":"A83+0.1","v":12.399999999999999},"Assorted high tensile twisted steel reinforcement bars to B.S 4446. ","kg ",{"v":25,"d":"25.00"},{"v":2,"d":"2.00"},{"v":50,"d":"50.00"}]
[12.499999999999998,"Sawn formwork to vertical sides of the columns.","m²",0.45,{"v":11,"d":"11.00"},4.95]
[12.599999999999998,"G.I CHS Columns. ","No",2,{"v":50,"d":"50.00"},{"v":100,"d":"100.00"}]
[null,"GATE"]
[12.7,"Supply and fix single leaf steel gate size 2500 x 2100mm high CHS poles and heavy duty wire mesh fixed onto the concrete columns, using heavy duty steel pin hinges; with all fastening accessories including, all cutting welding, grinding and priming with one coat of grey oxide before, fixing. The gate should also have peep holes of not more than 25mm dia with a slilding door. It should also have 2 locking, mechanisms, top and bottom.","No",1,{"v":400,"d":"400.00"},{"v":400,"d":"400.00"}]
[null,"Sub total - 1",{"$nulls":3},{"$f":"SUM(F80:F88)","v":{"v":868.575,"d":"868.58"}}]
[13,"FENCE"]
[null,"The contractor is reminded to include in his pricing, the cost of supply, cutting, waste and erection and all other necessary fittings including welding lugs or fishtailing on to the 50x50x6mm angle bars. Angle bars and the necessary   fixing and anchorage to be treated as described in the specifications.",{"$nulls":3},{"$f":"D91*E91","v":0}]
[13.1,"Clear the perimeter of the fencing area of all bushes scrubs and obstructions","m²",{"v":60,"d":"60.00"},4.75,{"v":285,"d":"285.00"}]
[{"$f":"A92+0.1","v":13.2},"Excavate 300x300x500 deep holes to receive mass concrete (1:3:6)  bases as shown in the drawings.","m³",{"v":1.503,"d":"1.50"},{"v":28,"d":"28.00"},{"v":42.083999999999996,"d":"42.08"}]
[{"$f":"A93+0.1","v":13.299999999999999},"Supply 50x5mm CHS welded posts with ends closed as shown in the drawings, bottom end fixed with 100x100mmx3mm plate and bedded in mass concrete. The post to be 2100mm high from ground level to the top. Allow for drilling 7No holes as shown.\t","No",{"v":35,"d":"35.00"},{"v":50,"d":"50.00"},{"v":1750,"d":"1,750.00"}]
[13.399999999999999,"Extra Over 50x5mm posts for bracing on either side every fourth intermediate post and all corner posts. ","No",8.75,{"v":50,"d":"50.00"},{"v":437.5,"d":"437.50"}]
[null,"Sub total - 2",{"$nulls":3},{"$f":"SUM(F91:F95)","v":{"v":2514.584,"d":"2,514.58"}}]
[14,"Mass Concrete Mix 1:3:6/20mm using 3/4 Local Ballast "]
[14.1,"Supply all materials and cast 0.3m diameter x 0.6m depth mass concrete class Q (1:3:6)  to concrete the 50mm dia. CHS poles while ensuring they remain plumb 600mm deep below the ground level and 3000mm (3.0m) above ground level.","m³",{"v":1.503,"d":"1.50"},150,{"$f":"D98*E98","v":225.45}]
[{"$f":"A98+0.1","v":14.2},"Supply and weld a 12mm high tensile steel rod along the bases of the posts for anchoring the chain-link to the ground along the whole length of the fence, Allow for excavating 200mm deep along the fence to fix the rod.","LM",{"v":100,"d":"100.00"},8.5,{"v":850,"d":"850.00"}]
[{"$f":"A99+0.1","v":14.299999999999999},"Allow for curing of all concrete works","Item",{"v":1,"d":"1.00"},150,{"v":150,"d":"150.00"}]
[14.399999999999999,"Supply and fix 3No strands of 12G barbed wire bound on to either side of the Y post using 3mm galvanized wire as shown in the drawings. ","LM",{"v":600,"d":"600.00"},0.75,{"v":450,"d":"450.00"}]
[14.499999999999998,"Ditto for posts","LM",{"v":700,"d":"700.00"},0.5,{"v":350,"d":"350.00"}]
[null,"Sub total - 3",{"$nulls":3},{"$f":"SUM(F98:F102)","v":{"v":2025.45,"d":"2,025.45"}}]
[15,"HEAVY GUAGE chain-link"]
[15.1,"Supply and fix 2500mm high HEAVY GUAGE chain-link to posts using 3mm galvanized wire. Allow for securing the chain-link to a 12mm reinforcement bar welded at the base between the posts.","LM",100,{"v":12,"d":"12.00"},{"$f":"D105*E105","v":{"v":1200,"d":"1,200.00"}}]
[{"$f":"A105+0.1","v":15.2},"Supply and fix razer wire secured on the chain-link, barbed wire and Y posts by binding wire and rolled approx. 600mm dia. \t","LM",100,{"v":5,"d":"5.00"},{"v":500,"d":"500.00"}]
[{"$f":"A106+0.1","v":15.299999999999999},"Prepare and apply one under coat of epoxy-based primer and two finishing epoxy based paints to metal surfaces n.e 250mm in alternate bands of 300mm. ","No",43.75,{"v":2,"d":"2.00"},{"v":87.5,"d":"87.50"}]
[null,"Sub total - 4",{"$nulls":3},{"$f":"SUM(F105:F107)","v":{"v":1787.5,"d":"1,787.50"}}]
[null,"Total for construction  of chain link fence wall.",{"$nulls":3},{"$f":"F89+F96+F103+F108","v":{"v":7196.1089999999995,"d":"$7,196.11"}}]
[]
["SUMMARY PAGE - REHABILITATION OF  AL HAMAR BH WATER SUPPLY SYSTEM (SWS) ",null,null,"QTY","SUM","TOTAL SUM"]
["A",{"$f":"B3","v":"AL AHMAR BOREHOLE  "},null,1,1,{"$f":"F16","v":{"v":4945,"d":"4,945.00"}}]
["B",{"$f":"B19","v":"REHABILITATION OF CARETAKER ROOM, OPERATION HOUSE AND STORE"},null,1,1,{"$f":"F38","v":{"v":4093.1097499999996,"d":"4,093.11"}}]
["C",{"$f":"B41","v":"REHABILITATION OF 56m³ CAPACITY R.C. ELEVATED WATER TANK"},null,3,1,{"$f":"F46","v":{"v":1264.7,"d":"1,264.70"}}]
["D",{"$f":"B49","v":"CONSTRUCTION AND REHAB OF WATER COLLECTION KIOSKS"},null,1,1,{"$f":"F75","v":{"v":1935.6099999999988,"d":"1,935.61"}}]
["E",{"$f":"B78","v":"CONSTRUCTION OF CHAIN LINK FENCE "},null,5,1,{"$f":"F109","v":{"v":7196.1089999999995,"d":"7,196.11"}}]
[]
[null,"GRAND TOTAL FOR AL HAMAR WSS REHAB",{"$nulls":3},{"$f":"SUM(F112:F117)","v":{"v":19434.528749999998,"d":"19,434.53"}}]
[]
[]
[]
[null,"(CONTRACTOR) …………………………………………………………………………………"]
[null,"Signature: ……………………………………………………………………………………............."]
[null,"Address: ……………………………………………………………………………………............."]
[]
[null,"Tel No: …………………………………………………………………………………………........."]
[]
[null,"Date: ……………………………………………………………………………………………………"]
[]
[null,"Stamp:"]